| 000 | 00000nam 2200000zi 4500 |
| 001 | 9.946443 |
| 003 | CaOODSP |
| 005 | 20250129122906 |
| 006 | m o d f |
| 007 | cr mn||||||||| |
| 008 | 241227e20250128onc ob f000 0 eng d |
| 020 | |a9780660750798 |q(v. 1) |
| 020 | |a9780660750804 |q(v. 2) |
| 020 | |a9780660750811 |q(v. 3) |
| 020 | |a9780660750828 |q(v. 4) |
| 020 | |a9780660750835 |q(v. 5) |
| 020 | |a9780660750842 |q(v. 6) |
| 020 | |a9780660750859 |q(v. 7) |
| 040 | |aCaOODSP|beng|erda|cCaOODSP |
| 043 | |an-cn---|aa-cc---|aa-ii---|ae-ru--- |
| 086 | 1 |aCP32-169/2-2025E-PDF |
| 086 | 1 |aCP32-169/2-2025E-1-PDF |
| 086 | 1 |aCP32-169/2-2025E-2-PDF |
| 086 | 1 |aCP32-169/2-2025E-3-PDF |
| 086 | 1 |aCP32-169/2-2025E-4-PDF |
| 086 | 1 |aCP32-169/2-2025E-5-PDF |
| 086 | 1 |aCP32-169/2-2025E-6-PDF |
| 086 | 1 |aCP32-169/2-2025E-7-PDF |
| 110 | 1 |aCanada. |bForeign Interference Commission, |eauthor, |eissuing body. |
| 245 | 10|aPublic inquiry into foreign interference in federal electoral processes and democratic institutions : |bfinal report / |cthe Honourable Marie-Josée Hogue, Commissioner. |
| 264 | 1|a[Ottawa] : |b[Foreign Interference Commission], |c28 January 2025. |
| 264 | 4|c©2025 |
| 300 | |a1 online resource (7 volumes) |
| 336 | |atext|btxt|2rdacontent |
| 337 | |acomputer|bc|2rdamedia |
| 338 | |aonline resource|bcr|2rdacarrier |
| 500 | |aIssued also in French under title: Enquête publique sur l'ingérence étrangère dans les processus électoraux et les institutions démocratiques fédéraux : rapport final. |
| 504 | |aIncludes bibliographical references. |
| 505 | 0 |av. 1. Report summary -- v. 2. Context and Commission's mandate - the 2019 and 2021 general elections (facts and analysis) -- v. 3. The government's capacity to detect, deter and counter foreign interference (facts and analysis 1/2) -- v. 4. The government's capacity to detect, deter and counter foreign interference (facts and analysis 2/2) -- v. 5. Recommendations to better protect against foreign interference in Canada's democratic institutions and processes -- v. 6. The Commission's public consultation -- v. 7. The Commission's process and annexes. |
| 650 | 0|aForeign interference in elections|zCanada. |
| 650 | 6|aForeign interference (International relations)|zCanada. |
| 650 | 0|aDisinformation|zCanada. |
| 650 | 0|aForeign agents|zCanada. |
| 650 | 0|aMisconduct in office|zCanada. |
| 650 | 0|aEspionage, Chinese|zCanada. |
| 650 | 0|aEspionage, East Indian|zCanada. |
| 650 | 0|aEspionage, Russian|zCanada. |
| 650 | 0|aIntelligence service|zCanada. |
| 650 | 0|aElection security|zCanada. |
| 650 | 0|aNational security|zCanada. |
| 700 | 1 |aHogue, Marie-JoseĢe. |
| 775 | 08|tEnquête publique sur l'ingérence étrangère dans les processus électoraux et les institutions démocratiques fédéraux : |w(CaOODSP)9.946442 |
| 776 | 0#|tPublic inquiry into foreign interference in federal electoral processes and democratic institutions : |w(CaOODSP)9.946444 |
| 856 | 40|qPDF|s2.28 MB|uhttps://publications.gc.ca/collections/collection_2025/bcp-pco/CP32-169-2-2025-eng-1.pdf|z(v. 1) |
| 856 | 40|qPDF|s2.80 MB|uhttps://publications.gc.ca/collections/collection_2025/bcp-pco/CP32-169-2-2025-eng-2.pdf|z(v. 2) |
| 856 | 40|qPDF|s1.72 MB|uhttps://publications.gc.ca/collections/collection_2025/bcp-pco/CP32-169-2-2025-eng-3.pdf|z(v. 3) |
| 856 | 40|qPDF|s1.82 MB|uhttps://publications.gc.ca/collections/collection_2025/bcp-pco/CP32-169-2-2025-eng-4.pdf|z(v. 4) |
| 856 | 40|qPDF|s592 KB|uhttps://publications.gc.ca/collections/collection_2025/bcp-pco/CP32-169-2-2025-eng-5.pdf|z(v. 5) |
| 856 | 40|qPDF|s491 KB|uhttps://publications.gc.ca/collections/collection_2025/bcp-pco/CP32-169-2-2025-eng-6.pdf|z(v. 6) |
| 856 | 40|qPDF|s8.76 MB|uhttps://publications.gc.ca/collections/collection_2025/bcp-pco/CP32-169-2-2025-eng-7.pdf|z(v. 7) |